| 000 | 004690000a22001810004500 | ||
|---|---|---|---|
| 003 | MACL | ||
| 005 | 20150828152607.0 | ||
| 008 | 150828b xxu||||| |||| 00| 0 eng d | ||
| 040 |
_aMACL _cMACL |
||
| 041 | _aEnglish | ||
| 082 | _a743 | ||
| 100 |
_aWashington, D C _97886 |
||
| 245 | _aAditi The Living Arts of India | ||
| 260 |
_bMotilal Banarsidass Publishers _c1987 _aNew Delhi |
||
| 350 | _a325 | ||
| 650 |
_aDrawing & Decorative Arts _97454 |
||
| 942 |
_cBK _k743 _2ddc |
||
| 999 |
_c6273 _d6273 |
||